| 000 | 00690nam a22002057a 4500 | ||
|---|---|---|---|
| 005 | 20161130103334.0 | ||
| 010 | _aENG-116705 | ||
| 020 |
_a9788184845310 _c1350.00 |
||
| 035 | _aEN-100237 | ||
| 037 | _bDBAD/PUB | ||
| 082 | _a347.54035 | ||
| 100 | _aSeyon, R | ||
| 245 |
_aJudicial activism and human rights of women and children / _c by R.Seyon ; foreword by Justice K.G.Balakrishnan |
||
| 260 |
_aNew Delhi _bRegal Publications _c2016 |
||
| 270 |
_aF-159, Rajouri Garden _bNew Delhi _e110027 |
||
| 300 |
_axxxiii,294p. _c23cm(Hb) |
||
| 500 | _aIncludes bibliographical references and index | ||
| 700 | _aBalakrishnan, K.G. | ||
| 942 |
_2ddc _cEN _h347.54035 _mSEY |
||
| 999 |
_c104842 _d104842 |
||